Statistics for World's triband flags #2

Click here to take the quiz!

General Stats

  • This quiz has been taken 8 times
  • The average score is 22 of 23

Answer Stats

Answer% Correct
Afghanistan
100%
Andorra
100%
Barbados
100%
Belgium
100%
Cameroon
100%
Canada
100%
Chad
100%
Côte d'Ivoire
100%
France
100%
Guatemala
100%
Ireland
100%
Italy
100%
Mexico
100%
Moldova
100%
Mongolia
100%
Nigeria
100%
Peru
100%
Romania
100%
Saint Vincent and the Grenadines
100%
Guinea
80%
Mali
80%
Senegal
80%
Norfolk Island
60%

Score Distribution

Percentile by Number Answered

Percent of People with Each Score

Your Score History

You have not taken this quiz